| 000 | 00510nam a22001931a 4500 | ||
|---|---|---|---|
| 001 | 5419 | ||
| 003 | OSt | ||
| 005 | 20260204212014.0 | ||
| 008 | 060119s1982||||dr ||||||b||||||||||spa|| | ||
| 050 | _aRD 900 E65b | ||
| 100 | _aEspinal, Fulgencio | ||
| 245 | _aBreve historia del PRD: ideología e interpretación / Fulgencio Espinal | ||
| 250 | _a2 | ||
| 264 | _aSanto Domingo : Alfa y Omega | ||
| 300 | _a361 p | ||
| 500 | _aIncluye bibliografía | ||
| 650 | _a1.Historia bibliografíaÌ | ||
| 942 |
_2ddc _cBK |
||
| 999 |
_c5419 _d5419 |
||